logo

Bir Sreshtho Munshi Abdur Rouf Library
Jhenaidah Cadet College

Early Childhoodn Education Today / (Record no. 14033)

MARC details
000 -LEADER
fixed length control field 00554nam a2200205 a 4500
001 - CONTROL NUMBER
JCCL Control Number 14033
003 - CONTROL NUMBER IDENTIFIER
JCCL marc code BD-JhCC
005 - DATE AND TIME OF LATEST TRANSACTION
control field 20240524092653.0
008 - FIXED-LENGTH DATA ELEMENTS--GENERAL INFORMATION
fixed length control field 240524b19761984n |||| ||a| 001 0 eng d
035 ## - SYSTEM CONTROL NUMBER
system control number (BD-JhCC)14033
040 ## - CATALOGING SOURCE
Original cataloging agency BD-JhCC
Modifying agency BD-JhCC
041 ## - LANGUAGE CODE
Language code of Book english
082 ## - DEWEY DECIMAL CLASSIFICATION NUMBER
Classification number 372.21
Author mark and Year MOR 1984
100 ## - MAIN ENTRY--PERSONAL NAME
Personal name Morrison,George S.
245 ## - TITLE STATEMENT
Title Early Childhoodn Education Today /
Remainder of title George S. Morrison.
260 ## - PUBLICATION, DISTRIBUTION, ETC. (IMPRINT)
Place of publication, distribution, etc London:
Name of publisher, distributor, etc Charles E.Merrill;
Date of publication, distribution, etc 1984.
300 ## - PHYSICAL DESCRIPTION
Pagination 502 p. :
Dimensions 24 cm.
650 ## - SUBJECT ADDED ENTRY--TOPICAL TERM
Topical term or geographic name as entry element Early childhood education
942 ## - ADDED ENTRY ELEMENTS (KOHA)
Source of classification or shelving scheme Dewey Decimal Classification
Koha item type Books
Holdings
Source of classification or shelving scheme Damaged status Not for loan Home library Current library Shelving location Date of accession Total Checkouts Full call number Barcode Date last seen Copy number Method of acquisition Koha item type Currency
Dewey Decimal Classification     JCC Rouf Library JCC Rouf Library General Stacks     372.21 MOR 1984 19441 05/24/2024 C-1 Purchase Books BDT

JCC Library | Contacts | JCC Home

Last Update on 23 September 2017
Copyright @ 2017-2020 JCC Rouf Library
Rouf Library, Jhenidah Cadet College (JCC), Bangladesh